| 000 | 00675nam a2200217 i 4500 | ||
|---|---|---|---|
| 001 | 32533 | ||
| 003 | ES-MaACL | ||
| 005 | 20250804062527.0 | ||
| 007 | t| | ||
| 008 | 030131s1979 sp ||||1| spa d | ||
| 100 | 1 |
_aBerry, Adrián. _928404 |
|
| 245 | 1 | 4 |
_aLos próximos 10000 años _b: el futuro del hombre en el universo / _cAdrián Berry ; [traductor: Andrés Ortega Klein]. |
| 250 | _a[2ª ed.]. | ||
| 260 |
_aMadrid : _bAlianza, _c[1979] |
||
| 300 |
_a282 p. ; _c18 cm. |
||
| 490 | 1 | _aEl libro de bolsillo | |
| 700 | 1 |
_aOrtega Klein, Andrés. _987463 |
|
| 830 | 0 | 3 |
_aEl libro de bolsillo _9177802 |
| 852 |
_aES-MaACL _jA-10695 _bR.99852 |
||
| 999 |
_c32533 _d32533 |
||